| 000 | 00943cam a22002655a 4500 | ||
|---|---|---|---|
| 001 | 15344040 | ||
| 005 | 20201128023830.0 | ||
| 008 | 080625t2009 njua frb 001 0 eng d | ||
| 020 | _a9780691120355 | ||
| 040 |
_aDLC _cDLC _dBTCTA _dBAKER _dYDXCP _dC#P _dBWX _dCDX _dGZM _dUBA _dDLC _dEG-ScBUE _beng |
||
| 082 | 0 | 4 |
_a330.015195 _222 _bANG |
| 100 | 1 |
_aAngrist, Joshua David. _941232 |
|
| 245 | 1 | 0 |
_aMostly harmless econometrics : _ban empiricist's companion / _cJoshua D. Angrist and Jorn-Steffen Pischke. |
| 260 |
_aPrinceton ; _aOxford : _bPrinceton University Press, _cc.2009. |
||
| 300 |
_axiii, 373 p. : _bill. ; _c22 cm. |
||
| 500 | _aIndex : p. [361]-373. | ||
| 504 | _aBibliography : p. [339]-359. | ||
| 650 | 7 |
_aEconometrics. _2BUEsh _93215 |
|
| 650 | 7 |
_aRegression analysis. _2BUEsh _9712 |
|
| 650 | 0 |
_aRegression modeling. _939097 |
|
| 651 | _2BUEsh | ||
| 653 |
_bBUSECO _cSeptember2016 |
||
| 700 | 1 | _aPischke, Jorn-Steffen. | |
| 942 | _2ddc | ||
| 999 |
_c22404 _d22376 |
||